000 00668nam a2200253Ia 4500
003 OSt
005 20220918183201.0
006 a|||||r|||| 00| 0
007 ta
008 220917b |||||||| |||| 00| 0 eng d
024 _a36,644
037 _cTextual
040 _aARTS
_cARTS
_beng
041 _2eng
_aeng
082 _aO122z7, J4
110 _aUniversity of Chicago College French Staff
_962198
245 0 _aFrench l
_b Lectures choisies
250 _a3rd
260 _c1954
650 _aENGLISH LITERATURE
700 _aUniversity of Chicago College French Staff
_962199
942 _hO122z7, J4
_cTEXL
_2CC
999 _c171788
_d171788